Korene slovenskej štátnosti výber knižných a múzejných dokumentov z fondov SNK a SNLM v Martine : Galéria literatúry a umenia SNLM 3. augusta do 30. septembra 2000

Bibliographic Details
Corporate Author: Slovenské národné literárne múzeum (Author)
Other Authors: Beňovský, Jozef, 1949- (Author of dialog), Cincík, Jozef G., 1909-1992 (gup)
Format: Book
Language:Slovak
PhysicalDescription:1 skladačka ([6] s.) obr. 21x10 cm
Published: Martin Slovenská národná knižnica 2000
Subjects:

MARC

LEADER 00000nam a2200000 a 4500
001 vtls001398731
003 SK-MaSNL
005 20260425225130.0
008 160628s2000 xo a r y 0 slo
015 |a SNBE2001/01-00353 
035 |a SNK000353175 
040 |a SNK  |b slo  |c SNK  |e AACR2 
044 |a xo  |c SK 
080 |a 930.85:930.253:808.101+069.51:75/76:061.4(083.9)  |2 1981 
080 |a 930.253  |2 1981 
080 |a 808.101  |2 1981 
080 |a 069.51  |2 1981 
110 0 |a Slovenské národné literárne múzeum  |4 aut  |9 33037 
245 1 |a Korene slovenskej štátnosti  |b výber knižných a múzejných dokumentov z fondov SNK a SNLM v Martine : Galéria literatúry a umenia SNLM 3. augusta do 30. septembra 2000  |c scenár Jozef Beňovský ; ilustrácie Jozef Cincík 
260 |a Martin  |b Slovenská národná knižnica  |c 2000 
300 |a 1 skladačka ([6] s.)  |b obr.  |c 21x10 cm 
610 2 7 |a Slovenské národné literárne múzeum  |2 SNK  |9 33037 
648 7 |a 2000  |2 SNK  |9 295137 
650 0 7 |a staroslovienska knižná kultúra  |2 SNK  |9 389785 
650 0 7 |a výtvarné umenie  |2 SNK  |9 723 
650 0 7 |a múzejné dokumenty  |2 SNK  |9 389786 
650 0 7 |a výstavy  |2 SNK  |9 2780 
651 7 |a Martin (Slovensko)  |2 SNK  |9 16875 
655 7 |a katalógy výstav  |2 SNK  |9 70445 
700 1 |a Beňovský, Jozef,  |d 1949-  |4 aud  |9 98491 
700 1 |a Cincík, Jozef G.,  |d 1909-1992  |4 gup  |9 25331 
999 |c 638524  |d 640454 
952 |t P60, <03>, [BOOK], {603}  |a SNK  |b SNK  |y PREZ  |7 0  |p 17A0256367  |o snkOSC 20896  |i snkKSP 11007/2000  |0 0  |1 0  |4 0  |d 2000-10-25  |l 0  |r 2005-01-02 00:00:00  |w 2026-02-23 
952 |t P60, <04>, [BOOK], {604}  |a SNK  |b SNK  |y VYP  |7 0  |p 17A0256368  |o snkOSC 20896 D1  |i snkKSP 11008/2000  |0 0  |1 0  |4 0  |d 2000-10-25  |l 0  |r 2005-01-02 00:00:00  |w 2026-02-23